Quiz o Szczecinku - Statystyki

Ogólne statystyki
  • Ten quiz został rozwiązany 9 razy
  • Średni wynik to 10 z 17
Statystyki odpowiedzi
Wskazówka Odpowiedź % Poprawnych
Trzy jeziora w Szczecinku Jezioro {Trzesiecko}
100%
Burmistrz miasta Jerzy Hardie-Douglas
83%
Niemiecka nazwa miasta Neustettin
83%
Stacje kolejowe w granicach administracyjnych miasta Szczecinek {Chyże}
83%
Tablice rejestracyjne ZSZ
83%
"Najmniejszy" kod pocztowy 78-400
67%
Rzeka przepływająca przez Szczecinek Nizica
67%
Stacje kolejowe w granicach administracyjnych miasta Szczecinek {Bugno}
67%
Wieża w mieście Wieża {Bismarcka}
67%
Stacje kolejowe w granicach administracyjnych miasta Czarnobór
50%
Gatunek ryby znajdująca się na herbie Jesiotr
50%
Trzy jeziora w Szczecinku Jezioro {Wilczkowo}
50%
Dawna nazwa Szczecinka Nowy Szczecin
50%
Stacje kolejowe w granicach administracyjnych miasta Szczecinek
50%
Rok nadania praw miejskich 1310
33%
Neogotycki kościół, wybudowany w 1908 roku Kościół {Narodzenia NMP}
17%
Trzy jeziora w Szczecinku Jezioro {Leśnie}
0%
Nie znaleziono quizów pasujących do podanych kryteriów
Rozkład punktacji
Procent ludzi z każdym wynikiem
Percentyl według liczby udzielonych odpowiedzi
Twoja historia wyników
Nie rozwiązałeś tego quizu